000
00285nam a22001337a 4500
008
171004b xxu||||| |||| 00| 0 eng d
020
_a
0716713713
041
_a
eng
080
_a
159.9
100
_a
47
101
_a
PSI
245
_a
MEMORY OBSERVES
_c
NEISSER.U
942
_2
udc
_c
BK
999
_c
31673
_d
31673